30 Male Title Characters Quiz Stats

 Plays Quiz Updated Mar 27, 2015

Challenge
Share
Tweet
Score 0/30 Timer 08:00
3 Plays Today
% Correct
Ted
94.4%
Forrest Gump
92.5%
Rocky
91.5%
Life of Pi
86.7%
Good Will Hunting
85.4%
Napoleon Dynamite
84.4%
Django Unchained
83.6%
Who Framed Roger Rabbit
80.4%
Willy Wonka & the Chocolate Factory
80%
Jerry Maguire
77.1%
Dirty Harry
76.6%
The Truman Show
72.3%
Shallow Hal
68.5%
When Harry Met Sally...
68.5%
Bill & Ted's Excellent Adventure
68.1%
% Correct
Kill Bill: Vol. 2
61.4%
Billy Madison
60.7%
Shaun of the Dead
58.8%
Mad Max
58.3%
Meet Joe Black
55.1%
Billy Elliot
53.9%
What's Eating Gilbert Grape
53.1%
I am Sam
47.6%
Scott Pilgrim vs. the World
45.9%
The Secret Life of Walter Mitty
45.2%
The Book of Eli
45.2%
Léon
42.8%
Zack and Miri Make a Porno
28.7%
Lars and the Real Girl
28.2%
We Need to Talk About Kevin
13.4%

You're not logged in!

Compare scores with friends on all Sporcle quizzes.
OR
Log In

You Might Also Like...

Show Comments

Extras

Top Quizzes Today


Score Distribution

Your Account Isn't Verified!

In order to create a playlist on Sporcle, you need to verify the email address you used during registration. Go to your Sporcle Settings to finish the process.

Report this User

Report this user for behavior that violates our Community Guidelines.

Details: